[Event "ICS rated blitz match"]
[Site "204.178.125.65"]
[Date "2000.12.09"]
[Round "?"]
[White "NewHal9000"]
[Black "Hossa"]
[Result "1-0"]
[WhiteElo "2395"]
[BlackElo "2557"]
[PlyCount "119"]
[EventDate "2000.??.??"]

1. c4 f5 2. d4 e6 3. g3 Nf6 4. Bg2 Ne4 5. a3 Be7 6. f3 Nf6 7. e4 fxe4 8. fxe4
d6 9. Nc3 O-O 10. Bf4 Nc6 11. Nf3 Na5 12. Qe2 d5 13. cxd5 exd5 14. exd5 Nh5 15.
Be5 Nb3 16. Rd1 Bg4 17. h3 Bd6 18. hxg4 Nxg3 19. Bxg3 Bxg3+ 20. Kf1 h5 21. Qe6+
Rf7 22. Rxh5 Qe8 23. Rf5 Rb8 24. Ne2 Bd6 25. Rd3 Na1 26. Ne5 Bxe5 27. Qxf7+
Qxf7 28. Rxf7 Kxf7 29. dxe5 Ke7 30. Nd4 Rf8+ 31. Kg1 Rf4 32. Rd1 Rxd4 33. Rxd4
Nb3 34. Rd3 Nc1 35. Re3 a5 36. Bf1 Kd8 37. Rc3 Na2 38. Rc2 g6 39. b3 a4 40.
Rxa2 axb3 41. Rb2 b6 42. Rxb3 g5 43. Rf3 b5 44. Bxb5 c6 45. Bxc6 Kc7 46. Rf5
Kb6 47. Rxg5 Kc5 48. Rf5 Kd4 49. Rf2 Kxe5 50. g5 Kd6 51. g6 Kc5 52. g7 Kd4 53.
g8=Q Ke4 54. Qe8+ Kd4 55. Re2 Kc4 56. Qe4+ Kc3 57. Re3+ Kd2 58. Rb3 Kc1 59. Qg2
Kd1 60. Rb1# {Hossa checkmated} 1-0

[Event "ICS rated blitz match"]
[Site "204.178.125.65"]
[Date "2000.12.09"]
[Round "?"]
[White "Hossa"]
[Black "razor91"]
[Result "1-0"]
[WhiteElo "2534"]
[BlackElo "2665"]
[PlyCount "83"]
[EventDate "2000.??.??"]

1. e4 c5 2. Nc3 d6 3. f4 g6 4. Nf3 Bg7 5. Bc4 Nc6 6. O-O e6 7. d3 Nge7 8. a3
O-O 9. Kh1 d5 10. Bb3 d4 11. Ne2 b5 12. Bd2 Bb7 13. Qe1 Qd7 14. Qh4 a5 15. a4
b4 16. Ng5 h6 17. Nf3 f5 18. Bc4 fxe4 19. dxe4 Ba6 20. Bxa6 Rxa6 21. f5 gxf5
22. Bxh6 Ng6 23. Qh5 fxe4 24. Ng5 Nce5 25. Nxe4 Qd5 26. Rxf8+ Nxf8 27. Bxg7
Kxg7 28. Ng5 Neg6 29. Rf1 Ra7 30. Nf4 Nxf4 31. Rxf4 Qe5 32. Rf1 d3 33. cxd3 Qe3
34. h4 c4 35. d4 Rd7 36. Qe8 Qxd4 37. Qxf8+ Kg6 38. Ne4 Rg7 39. Rf6+ Qxf6 40.
Qxf6+ Kh7 41. Ng5+ Rxg5 42. hxg5 {razor91 resigns} 1-0

[Event "ICS rated blitz match"]
[Site "204.178.125.65"]
[Date "2000.12.09"]
[Round "?"]
[White "razor91"]
[Black "Hossa"]
[Result "0-1"]
[WhiteElo "2643"]
[BlackElo "2556"]
[PlyCount "142"]
[EventDate "2000.??.??"]

1. d4 Nf6 2. c4 e6 3. g3 Bb4+ 4. Nc3 Ne4 5. Qd3 d5 6. Bg2 O-O 7. Bxe4 dxe4 8.
Qxe4 c5 9. dxc5 f5 10. Qc2 Qd4 11. a3 Bxc3+ 12. Qxc3 Qxc3+ 13. bxc3 e5 14. Rb1
Nc6 15. Nf3 Rb8 16. Rf1 Be6 17. Nd2 Na5 18. f4 e4 19. g4 Rf6 20. gxf5 Bxf5 21.
Rb5 Nc6 22. h4 Rg6 23. Rh1 Rg3 24. Bb2 Rg4 25. e3 Rg2 26. Bc1 Kf7 27. Kf1 Rg6
28. h5 Re6 29. Rg1 Re7 30. Rg5 Kf6 31. Kf2 Rd8 32. Nb3 Rd1 33. Bb2 Red7 34. a4
h6 35. Rg2 Rh1 36. Nd4 Rxh5 37. Kg1 Bg6 38. Ba3 Rh3 39. Bc1 Bf7 40. Rgb2 Nd8
41. Ra5 Nc6 42. Nxc6 bxc6 43. Rd2 Rc7 44. Rd4 Kf5 45. Kg2 Rh4 46. Ra6 Rg4+ 47.
Kf2 Rg6 48. Bb2 Be6 49. Ba3 h5 50. Bb4 Bc8 51. Ra5 h4 52. Rd8 h3 53. Rf8+ Ke6
54. f5+ Ke7 55. fxg6 Kxf8 56. Kg3 Ke7 57. Kh2 Kf6 58. Ba3 Kxg6 59. Bc1 Rf7 60.
Kg1 Kg5 61. Bd2 Rd7 62. Be1 Rd1 63. Rxa7 Rxe1+ 64. Kf2 h2 65. Kxe1 h1=Q+ 66.
Kd2 Qh2+ 67. Kc1 Kf6 68. Ra8 Qc7 69. a5 Qb7 70. Rxc8 Qxc8 71. Kb2 Qa8 {
razor91 resigns} 0-1

[Event "ICS rated standard match"]
[Site "204.178.125.65"]
[Date "2000.12.09"]
[Round "?"]
[White "Hossa"]
[Black "Memmius"]
[Result "1-0"]
[WhiteElo "2380"]
[BlackElo "2076"]
[PlyCount "76"]
[EventDate "2000.??.??"]

1. c4 g6 2. d4 Bg7 3. e4 d6 4. Nf3 Nf6 5. Bd3 O-O 6. Nc3 c5 7. dxc5 dxc5 8. O-O
Nc6 9. Bf4 Bg4 10. Be2 Nd7 11. Nd5 Rc8 12. Qd2 Bxf3 13. Bxf3 Nd4 14. Bd1 e6 15.
Nc3 a6 16. Bh6 b5 17. cxb5 axb5 18. a4 b4 19. Bxg7 Kxg7 20. Ne2 Ne5 21. Nxd4
Qxd4 22. Qxd4 cxd4 23. b3 Rc3 24. Ra2 Nc6 25. f4 Na5 26. Rb2 Rd8 27. e5 d3 28.
Kf2 f6 29. exf6+ Kxf6 30. Re1 Rd6 31. Re3 Nc6 32. Rd2 e5 33. fxe5+ Nxe5 34. Re4
Nc6 35. Ke3 Ne7 36. Rf2+ Nf5+ 37. Kd2 Kg7 38. Rxb4 Nd4 {Memmius resigns} 1-0

[Event "ICS rated blitz match"]
[Site "204.178.125.65"]
[Date "2000.12.10"]
[Round "?"]
[White "Hossa"]
[Black "PostModernist"]
[Result "0-1"]
[WhiteElo "2579"]
[BlackElo "2687"]
[PlyCount "126"]
[EventDate "2000.??.??"]

1. c4 e5 2. g3 Nc6 3. Bg2 f5 4. d3 Nf6 5. Nc3 Be7 6. Nf3 O-O 7. O-O Qe8 8. Nd5
Bd8 9. Ng5 h6 10. Nf3 d6 11. Bd2 Be6 12. Ne1 Qf7 13. Qb3 Rb8 14. Nc2 e4 15. Nf4
Bd7 16. Rab1 Re8 17. d4 b5 18. c5 Qxb3 19. axb3 g5 20. d5 Ne7 21. c6 Bc8 22.
Ne6 Bxe6 23. dxe6 Nxc6 24. Bh3 g4 25. Bg2 Kh7 26. Ra1 Rxe6 27. Ra6 d5 28. Nb4
Nd4 29. Rxe6 Nxe6 30. Nc6 Rb6 31. Rc1 Ne8 32. Be3 Bg5 33. Bxb6 Bxc1 34. Bxa7
Bxb2 35. Ne7 Bd4 36. Bb8 Nf6 37. Nxf5 Bc5 38. b4 Bxb4 39. Ne3 Kg7 40. Ba7 Bc5
41. Bxc5 Nxc5 42. Nf5+ Kh7 43. h3 b4 44. Ne3 b3 45. Nf1 e3 46. f4 gxf3 47. Bxf3
d4 48. g4 b2 49. Kg2 b1=Q 50. Ng3 d3 51. exd3 Nxd3 52. Be2 Nf4+ 53. Kf3 Nxh3
54. Kg2 Nf4+ 55. Kf3 Nxe2 56. Kxe2 Qg1 57. g5 Qxg3 58. gxf6 Qf2+ 59. Kd3 e2 60.
f7 e1=Q 61. f8=N+ Qxf8 62. Kc2 Qfb4 63. Kd3 Qee4# {Hossa checkmated} 0-1

[Event "ICS rated blitz match"]
[Site "204.178.125.65"]
[Date "2000.12.10"]
[Round "?"]
[White "PostModernist"]
[Black "Hossa"]
[Result "1-0"]
[WhiteElo "2698"]
[BlackElo "2568"]
[PlyCount "73"]
[EventDate "2000.??.??"]

1. d4 Nf6 2. c4 e6 3. Nf3 d5 4. Nc3 Be7 5. Bg5 h6 6. Bxf6 Bxf6 7. e3 O-O 8. Rc1
c6 9. Bd3 Nd7 10. O-O dxc4 11. Bxc4 e5 12. h3 exd4 13. exd4 Nb6 14. Bb3 Bf5 15.
Re1 Re8 16. Rxe8+ Qxe8 17. Qd2 Qd7 18. Re1 Rd8 19. Qe2 Bg6 20. Ne5 Bxe5 21.
dxe5 Qe7 22. Qf3 Qg5 23. e6 fxe6 24. h4 Qxh4 25. Rxe6 Kh8 26. Rxg6 Re8 27. Re6
Qd8 28. Qf7 Rxe6 29. Bxe6 Qb8 30. Ne4 Na4 31. Qg6 Qd8 32. Ng5 Qd1+ 33. Kh2 hxg5
34. Qe8+ Kh7 35. Bf5+ g6 36. Qxg6+ Kh8 37. Qh7# {Hossa checkmated} 1-0

[Event "ICS rated blitz match"]
[Site "204.178.125.65"]
[Date "2000.12.10"]
[Round "?"]
[White "Hossa"]
[Black "PostModernist"]
[Result "0-1"]
[WhiteElo "2558"]
[BlackElo "2708"]
[PlyCount "118"]
[EventDate "2000.??.??"]

1. e4 c5 2. Nf3 Nc6 3. d4 cxd4 4. Nxd4 e5 5. Nb5 d6 6. c4 Be7 7. N1c3 a6 8. Na3
Be6 9. Nc2 Bg5 10. Bxg5 Qxg5 11. Nd5 O-O-O 12. Nce3 Nf6 13. Bd3 Nd4 14. h4 Qh6
15. Rc1 g5 16. Nxf6 Qxf6 17. hxg5 Qxg5 18. Rh5 Qg7 19. Qd2 h6 20. Qb4 Qg6 21.
Rh1 Bg4 22. c5 Bd7 23. Nc4 Bb5 24. Nxd6+ Kb8 25. Bxb5 Nxb5 26. g3 Nxd6 27. cxd6
Rxd6 28. Rh4 Rhd8 29. Qa5 Qf6 30. Rh5 Qf3 31. Qxe5 Ka8 32. Qxd6 Rxd6 33. Rh4
Qd3 34. Ra1 Qd2+ 35. Kf1 Qxb2 36. Re1 Qxa2 37. Kg1 Qd2 38. Rf1 Rg6 39. e5 Ka7
40. Rb1 Qc3 41. Rhb4 b5 42. Kg2 Qxe5 43. Kf1 Qf5 44. Kg2 Rf6 45. R1b2 Qd5+ 46.
Kh2 Kb6 47. Rc2 a5 48. Rb1 Rf5 49. g4 Qe4 50. Rbc1 Rg5 51. Rc6+ Qxc6 52. Rxc6+
Kxc6 53. f4 Rxg4 54. Kh3 f5 55. Kh2 Kd5 56. Kh1 Kd4 57. Kh2 Ke3 58. Kh3 Kf2 59.
Kh2 Rh4# {Hossa checkmated} 0-1

[Event "ICS rated blitz match"]
[Site "204.178.125.65"]
[Date "2000.12.10"]
[Round "?"]
[White "Hossa"]
[Black "PostModernist"]
[Result "1/2-1/2"]
[WhiteElo "2534"]
[BlackElo "2719"]
[PlyCount "160"]
[EventDate "2000.??.??"]

1. Nf3 Nf6 2. c4 b6 3. Nc3 Bb7 4. d4 e6 5. a3 d5 6. cxd5 Nxd5 7. e3 Be7 8. Bd3
Nd7 9. e4 Nxc3 10. bxc3 c5 11. O-O Qc7 12. Bg5 Bxg5 13. Nxg5 h6 14. Nf3 O-O 15.
Qe2 Qf4 16. Rfe1 Rfd8 17. Ba6 Bxa6 18. Qxa6 cxd4 19. cxd4 Nf6 20. Qd3 Rac8 21.
Re3 Rc7 22. h3 h5 23. g3 Qh6 24. Ree1 Rdc8 25. d5 Rc3 26. Qd1 Nxe4 27. dxe6
fxe6 28. Qd7 R3c7 29. Qd3 Nc5 30. Qe3 Qxe3 31. Rxe3 Rd8 32. Ng5 Rc6 33. Rae1
Rdd6 34. h4 a5 35. Rf3 Na6 36. Kh2 b5 37. Re2 Nc7 38. Nf7 Rd4 39. Ne5 Rc1 40.
Kh3 b4 41. axb4 axb4 42. Rb3 Rc3 43. Rbb2 b3 44. Re1 Nd5 45. Kg2 Ra4 46. Reb1
Ra3 47. Nf3 e5 48. Nxe5 Nb4 49. Rd2 Kh7 50. Rd7 Rc5 51. Rb7 Na6 52. Nf7 Rc3 53.
Ng5+ Kh8 54. Re1 Rc8 55. Re5 Ra2 56. Ne6 g6 57. Nf4 Nc5 58. Nxg6+ Kg8 59. Ne7+
Kf8 60. Rb5 Rc7 61. Nd5 Rf7 62. Rxc5 Rfxf2+ 63. Kg1 Rfc2 64. Rf5+ Kg7 65. Rb5
Ra1+ 66. Rf1 Rxf1+ 67. Kxf1 b2 68. Nf4 Rc1+ 69. Kg2 b1=Q 70. Rxb1 Rxb1 71.
Nxh5+ Kg6 72. g4 Rb2+ 73. Kh3 Rb3+ 74. Kh2 Rb2+ 75. Kg3 Rb3+ 76. Kg2 Rb2+ 77.
Kh3 Rb3+ 78. Kh2 Rb2+ 79. Kg3 Rb3+ 80. Kg2 Rb2+ {Game drawn by repetition}
1/2-1/2

[Event "ICS rated blitz match"]
[Site "204.178.125.65"]
[Date "2000.12.10"]
[Round "?"]
[White "PostModernist"]
[Black "Hossa"]
[Result "1-0"]
[WhiteElo "2711"]
[BlackElo "2542"]
[PlyCount "181"]
[EventDate "2000.??.??"]

1. e4 c5 2. c3 Qa5 3. f4 e6 4. Nf3 d5 5. d3 Be7 6. Be2 Nf6 7. e5 Ng4 8. O-O Bd7
9. Qe1 O-O 10. Na3 Qb6 11. Nc2 Ba4 12. b3 Bb5 13. c4 dxc4 14. dxc4 Bc6 15. Qg3
Be4 16. Na3 Nh6 17. Rd1 Rd8 18. Bb2 Nc6 19. Nd2 Nd4 20. Qf2 Nxe2+ 21. Qxe2 Bd3
22. Qf3 Bf5 23. h3 Rd3 24. Qe2 Rad8 25. Nf3 Be4 26. Rxd3 Bxd3 27. Qf2 Nf5 28.
Rd1 Be4 29. Rxd8+ Qxd8 30. Nb5 Qd1+ 31. Kh2 Bxf3 32. Nc3 Qd3 33. Qxf3 Qd2 34.
Nd1 b6 35. Kg1 Nh4 36. Qf1 Nxg2 37. Bc3 Qc2 38. Qxg2 Qxd1+ 39. Kh2 g6 40. Bd2
Bh4 41. Qa8+ Kg7 42. Qg2 h6 43. Be3 Qe1 44. Qf3 h5 45. Kg2 Kh7 46. Kh2 Kg8 47.
Qa8+ Kg7 48. Qf3 a6 49. Kg2 Kh7 50. Kh2 Kh8 51. Qa8+ Kg7 52. Qf3 a5 53. Kg2 Qb1
54. Qe2 a4 55. bxa4 Qe4+ 56. Kg1 g5 57. Qd2 Qf3 58. fxg5 Qg3+ 59. Kf1 Qxh3+ 60.
Ke2 Qg4+ 61. Kd3 Qf5+ 62. Kc3 Qxe5+ 63. Kb3 Qe4 64. Qc3+ Kh7 65. Ka3 f5 66. Bd2
Bf2 67. Qf6 Kg8 68. g6 Qb7 69. Qxe6+ Kg7 70. Qxf5 Bd4 71. Qxh5 Kf6 72. Bg5+ Ke6
73. Qg4+ Ke5 74. Bh6 Qa8 75. g7 Qg8 76. Qf4+ Ke6 77. Qf8 Qxg7 78. Bxg7 Bxg7 79.
Qxg7 Kd6 80. Qb7 Ke5 81. Qxb6 Kf5 82. Qxc5+ Ke4 83. Qd5+ Kf4 84. Qd4+ Kf5 85.
c5 Ke6 86. c6 Kf7 87. c7 Kg6 88. c8=Q Kf7 89. Qd5+ Kf6 90. Qf8+ Kg6 91. Qdf5# {
Hossa checkmated} 1-0

[Event "ICS rated standard match"]
[Site "204.178.125.65"]
[Date "2000.12.10"]
[Round "?"]
[White "Tinker"]
[Black "Hossa"]
[Result "0-1"]
[WhiteElo "2363"]
[BlackElo "2385"]
[PlyCount "146"]
[EventDate "2000.??.??"]

1. e4 c5 2. Nf3 Nc6 3. d4 cxd4 4. Nxd4 e6 5. Nc3 Bb4 6. Ndb5 Nf6 7. a3 Bxc3+ 8.
Nxc3 d5 9. exd5 exd5 10. Bd3 O-O 11. O-O Bg4 12. f3 Be6 13. Kh1 Qb6 14. Na4 Qa5
15. c3 Nd7 16. b4 Qd8 17. f4 Nf6 18. Be3 Re8 19. Qf3 b6 20. Rfe1 Bg4 21. Qg3
Bd7 22. b5 Na5 23. Bd4 Nb3 24. Rxe8+ Nxe8 25. Re1 Nxd4 26. cxd4 Rc8 27. Qf3 Nf6
28. Nb2 Qf8 29. h3 Re8 30. Re5 Qd6 31. Kh2 g6 32. a4 Qb4 33. Qf2 Rxe5 34. fxe5
Nh5 35. Bb1 Qa3 36. Bd3 Qc3 37. Bf1 Ng7 38. g4 Ne6 39. Bg2 Nxd4 40. Nd1 Qc5 41.
Ne3 Nb3 42. Qf6 Qxe3 43. Qd8+ Be8 44. Qxe8+ Kg7 45. Qe7 Qf2 46. e6 Nd2 47.
Qxf7+ Qxf7 48. exf7 d4 49. Kg3 Kxf7 50. Kf4 Kf6 51. h4 Nb3 52. g5+ Ke6 53. Ke4
Kd6 54. Bh3 Kc5 55. Be6 Nd2+ 56. Kf4 Nc4 57. Ke4 Nb2 58. Bg8 Nxa4 59. Bxh7 Nc3+
60. Kf3 d3 61. Bxg6 d2 62. Bc2 Kd6 63. h5 Ke7 64. h6 Kf8 65. g6 d1=Q+ 66. Bxd1
Nxd1 67. Ke4 Nc3+ 68. Kd4 Nxb5+ 69. Ke5 Kg8 70. Kf6 Nd6 71. h7+ Kh8 72. Ke5 Nc8
73. Ke6 a5 {Tinker resigns} 0-1

[Event "ICS rated standard match"]
[Site "204.178.125.65"]
[Date "2000.12.10"]
[Round "?"]
[White "bawon"]
[Black "Hossa"]
[Result "0-1"]
[WhiteElo "2178"]
[BlackElo "2400"]
[PlyCount "40"]
[EventDate "2000.??.??"]

1. c3 c5 2. d4 cxd4 3. cxd4 Nf6 4. Nc3 d5 5. Bg5 e6 6. Nf3 Bd6 7. e3 Nc6 8. Bd3
a6 9. a3 h6 10. Bh4 b6 11. Rc1 Bb7 12. b4 a5 13. b5 Ne7 14. Bxf6 gxf6 15. Qb3
Rg8 16. O-O Rc8 17. Ne2 e5 18. Bb1 e4 19. Nh4 Qd7 20. Rxc8+ Qxc8 {bawon resigns
} 0-1

[Event "ICS rated standard match"]
[Site "204.178.125.65"]
[Date "2000.12.10"]
[Round "?"]
[White "Hossa"]
[Black "Interceptor"]
[Result "0-1"]
[WhiteElo "2407"]
[BlackElo "2724"]
[PlyCount "120"]
[EventDate "2000.??.??"]

1. d4 Nf6 2. c4 g6 3. Nc3 d5 4. Nf3 Bg7 5. cxd5 Nxd5 6. e4 Nxc3 7. bxc3 c5 8.
Bc4 Nc6 9. Be3 Qa5 10. O-O Qxc3 11. Rc1 Qa5 12. dxc5 O-O 13. Qb3 Qc7 14. Ng5 e6
15. Rfd1 Bd7 16. Rxd7 Qxd7 17. Nxe6 Rfc8 18. Nxg7 Kxg7 19. Qb2+ f6 20. Rb1 Rd8
21. Qxb7 Rab8 22. Qxd7+ Rxd7 23. Rc1 Rb2 24. Bd5 Rc7 25. a3 h5 26. h4 Kf8 27.
Kh2 Ke7 28. Kg3 a5 29. f4 Rc8 30. f5 gxf5 31. exf5 Ne5 32. c6 Kd6 33. Rd1 Kc7
34. Bd4 Re2 35. Kf4 Rb8 36. Bc3 Rb5 37. Bxe5+ Rxe5 38. Be4 Re7 39. Rd4 Rb3 40.
a4 Rb2 41. Bf3 Rb4 42. Rxb4 axb4 43. Bd5 Kd6 44. Ba2 Re2 45. Bf7 Rxg2 46. Bxh5
b3 47. Bf7 b2 48. Ba2 Rg1 49. Ke4 Ra1 50. Kd3 Rxa2 51. Kc2 Rxa4 52. h5 Rh4 53.
c7 Kxc7 54. h6 Rxh6 55. Kd3 b1=Q+ 56. Kd4 Rh4+ 57. Ke3 Qb3+ 58. Kf2 Rh2+ 59.
Kg1 Qg3+ 60. Kf1 Qf2# {Hossa checkmated} 0-1

[Event "ICS rated blitz match"]
[Site "204.178.125.65"]
[Date "2000.12.10"]
[Round "?"]
[White "Hossa"]
[Black "kaisser"]
[Result "1-0"]
[WhiteElo "2533"]
[BlackElo "1932"]
[PlyCount "43"]
[EventDate "2000.??.??"]

1. c4 f5 2. d4 Nf6 3. d5 e5 4. dxe6 dxe6 5. Qxd8+ Kxd8 6. Nc3 c6 7. Bf4 Nbd7 8.
Nf3 Bb4 9. e3 Ne4 10. a3 Bxc3+ 11. bxc3 Nxc3 12. Ng5 Nf6 13. Nf7+ Ke7 14. Nxh8
Bd7 15. Be5 Nce4 16. f3 Nc5 17. Rd1 Na4 18. Bxf6+ gxf6 19. Nf7 Nc5 20. Nd6 e5
21. g3 Be6 22. Bh3 {kaisser resigns} 1-0

[Event "ICS Rated standard match"]
[Site "204.178.125.65"]
[Date "2000.12.10"]
[Round "?"]
[White "Hossa"]
[Black "petereks"]
[Result "1/2-1/2"]
[WhiteElo "2403"]
[BlackElo "2398"]
[PlyCount "237"]
[EventDate "2000.??.??"]

1. e4 c5 2. Nf3 d6 3. d4 cxd4 4. Nxd4 Nf6 5. Nc3 e6 6. Be2 Be7 7. O-O a6 8. a3
Nc6 9. Be3 O-O 10. Qd2 Qc7 11. Rfd1 Rd8 12. Bg5 d5 13. exd5 Nxd5 14. Nxc6 Bxg5
15. Qxg5 bxc6 16. Na4 h6 17. Qd2 c5 18. c4 Bd7 19. Nxc5 Qxc5 20. cxd5 Ba4 21.
Qd4 Qxd4 22. Rxd4 Bb3 23. d6 Bd5 24. Rc1 Rxd6 25. Rc7 g6 26. Bc4 Kg7 27. f3
Rad8 28. Be2 e5 29. Ra4 Bb3 30. Rb4 Be6 31. Rc5 Kf6 32. Ra5 Bc8 33. Kf2 R8d7
34. f4 exf4 35. Rc5 Bb7 36. Rxf4+ Kg7 37. Re5 Rd2 38. b3 g5 39. Rb4 f6 40. Re8
Ra2 41. Ra4 Kf7 42. Re3 f5 43. Ke1 f4 44. Bc4+ Kf8 45. Re2 Ra1+ 46. Kf2 Rdd1
47. Re5 Rg1 48. Rf5+ Ke8 49. Bf7+ Ke7 50. Bd5 Raf1+ 51. Ke2 Re1+ 52. Kf3 Rgf1+
53. Kg4 Bc8 54. Rc4 Bxf5+ 55. Kxf5 Re3 56. Ra4 Rfe1 57. Bc6 Rxb3 58. Rxa6 Rbb1
59. h4 gxh4 60. Bf3 h3 61. Rxh6 hxg2 62. Bxg2 Rb2 63. Be4 Rbe2 64. Rh7+ Kd6 65.
Rh6+ Kc5 66. Bf3 Ra2 67. Rc6+ Kd4 68. Kxf4 Rxa3 69. Rd6+ Kc5 70. Rd5+ Kc4 71.
Rf5 Rd3 72. Kg5 Rde3 73. Rf4+ Kc3 74. Bc6 Re6 75. Bd7 R6e5+ 76. Kg6 Re7 77. Bf5
R7e2 78. Kf6 Re8 79. Rf3+ Kd4 80. Rd3+ Kc4 81. Rf3 Rf8+ 82. Kg7 Rb8 83. Kf6 Rd8
84. Rf2 Rf8+ 85. Kg7 Rfe8 86. Rc2+ Kd5 87. Rc8 R8e2 88. Rd8+ Kc6 89. Rc8+ Kd6
90. Rd8+ Kc7 91. Rc8+ Kb7 92. Rc2 Re3 93. Rf2 Kc6 94. Kf6 Kc5 95. Rc2+ Kd4 96.
Rd2+ Kc4 97. Rc2+ Kb3 98. Rf2 Re8 99. Rf3+ Kb4 100. Kf7 Ra8 101. Kf6 Ra6+ 102.
Kg5 Ra2 103. Kf6 Rae2 104. Bc8 Kc5 105. Bf5 Kd4 106. Rd3+ Kc4 107. Rf3 Rd2 108.
Be6+ Kc5 109. Bf5 Rd6+ 110. Kg5 Red1 111. Rf2 Rd8 112. Kf6 Ra8 113. Bc8 Kd6
114. Bf5 Rf8+ 115. Kg7 Rb8 116. Bc2 Rc1 117. Rf6+ Ke5 118. Rf5+ Kd4 119. Rf4+ {
Game drawn by the 50 move rule} 1/2-1/2

[Event "ICS rated standard match"]
[Site "204.178.125.65"]
[Date "2000.12.10"]
[Round "?"]
[White "bawon"]
[Black "Hossa"]
[Result "0-1"]
[WhiteElo "2172"]
[BlackElo "2403"]
[PlyCount "44"]
[EventDate "2000.??.??"]

1. e4 c5 2. Nf3 Nc6 3. d4 cxd4 4. Nxd4 e6 5. Nc3 Bb4 6. Ndb5 Nf6 7. a3 Bxc3+ 8.
Nxc3 d5 9. exd5 exd5 10. Bd3 O-O 11. O-O Bg4 12. f3 Be6 13. b4 Rc8 14. Bb2 Re8
15. Re1 Qb6+ 16. Kh1 Nh5 17. b5 Na5 18. Qd2 Nc4 19. Bxc4 dxc4 20. Qg5 Rc5 21.
Nd5 Qxb5 22. Rxe6 Rxe6 {bawon resigns} 0-1

[Event "ICS rated blitz match"]
[Site "204.178.125.65"]
[Date "2000.12.10"]
[Round "?"]
[White "Hossa"]
[Black "QueenMaxima"]
[Result "1/2-1/2"]
[WhiteElo "2535"]
[BlackElo "2519"]
[PlyCount "219"]
[EventDate "2000.??.??"]

1. e4 f6 2. d4 b6 3. Bf4 Bb7 4. Nc3 e6 5. Qd2 g5 6. Be3 Bb4 7. Bd3 Ne7 8. f3
Nbc6 9. a3 Bxc3 10. bxc3 Rg8 11. Ne2 Nc8 12. O-O Nd6 13. Ng3 Qe7 14. f4 gxf4
15. Rxf4 O-O-O 16. Qf2 Ne8 17. e5 f5 18. Qe1 h5 19. Rf2 h4 20. Nh5 h3 21. g3
Rh8 22. Nf4 Qg7 23. Bc4 Kb8 24. Bxe6 dxe6 25. Nxe6 Qd7 26. Nxd8 Nxd8 27. c4 Qc6
28. d5 Qxc4 29. Rd1 Ng7 30. Rd4 Qa2 31. Qc1 c6 32. e6 c5 33. c4 Qb3 34. Rd1 Ka8
35. Bg5 Rg8 36. Bh6 Ne8 37. Rc2 Nd6 38. Rc3 Qa4 39. Rf1 Ba6 40. Bf4 Nxc4 41.
Bc7 Nc6 42. Rxf5 Nd4 43. Rf2 Kb7 44. Qb1 Nxa3 45. Qa1 Ndb5 46. Rf4 Qa5 47. Rxc5
Qd2 48. Rf2 Qd3 49. Bxb6 Rxg3+ 50. hxg3 Qxg3+ 51. Kh1 Qxf2 52. Qg7+ Kxb6 53.
Rc6+ Ka5 54. e7 Qe1+ 55. Kh2 Bb7 56. e8=Q Qxe8 57. Qxb7 Qe5+ 58. Kxh3 Qh5+ 59.
Kg3 Qg5+ 60. Kh3 Qe3+ 61. Kh4 Qd4+ 62. Kg3 Qg1+ 63. Kf4 Qh2+ 64. Kg5 Qg2+ 65.
Kf4 Qf2+ 66. Kg4 Qe2+ 67. Kg5 Qd2+ 68. Kg6 Qg2+ 69. Kh7 Qe4+ 70. Kh6 Qh4+ 71.
Kg7 Qg5+ 72. Rg6 Qe5+ 73. Kg8 Kb4 74. d6 Qe8+ 75. Kg7 Nc4 76. d7 Qe7+ 77. Kg8
Qd8+ 78. Kh7 Qh4+ 79. Kg8 Ncd6 80. Qc8 Qh5 81. Kg7 Qe5+ 82. Kg8 Qf5 83. Rxd6
Qg5+ 84. Kf8 Qf4+ 85. Kg7 Qg5+ 86. Rg6 Qe5+ 87. Rf6 Qg5+ 88. Kh7 Qh4+ 89. Kg8
Qg5+ 90. Kf7 Qh5+ 91. Kf8 Qh8+ 92. Ke7 Qg7+ 93. Ke6 Nd4+ 94. Ke5 Nf3+ 95. Kf5
Qg5+ 96. Ke4 Qe5+ 97. Kd3 Qd4+ 98. Ke2 Qe4+ 99. Kf2 Qd4+ 100. Kg2 Qg4+ 101. Kf1
Qh3+ 102. Ke2 Nd4+ 103. Kd2 Nb3+ 104. Kc2 Qg2+ 105. Kb1 Qe4+ 106. Kb2 Qe2+ 107.
Kb1 Qe4+ 108. Kb2 Qe2+ 109. Kb1 Qe4+ 110. Kb2 {Game drawn by repetition}
1/2-1/2

[Event "ICS Rated blitz match"]
[Site "204.178.125.65"]
[Date "2000.12.10"]
[Round "?"]
[White "Hossa"]
[Black "vic-1952"]
[Result "1-0"]
[WhiteElo "2534"]
[BlackElo "1997"]
[PlyCount "55"]
[EventDate "2000.??.??"]

1. c4 c5 2. g3 Nf6 3. Bg2 g6 4. Nf3 Bg7 5. Nc3 d5 6. cxd5 Nxd5 7. O-O O-O 8.
Nxd5 Qxd5 9. d3 Nc6 10. Ng5 Qd4 11. e3 Qe5 12. f4 Qc7 13. Rb1 b6 14. Bd2 Bd7
15. Bc3 f6 16. Qb3+ Kh8 17. Nf7+ Rxf7 18. Qxf7 Rf8 19. Qc4 Qd6 20. d4 cxd4 21.
exd4 Rc8 22. d5 Na5 23. Qa6 Nc4 24. Qxa7 Bb5 25. a4 Qc5+ 26. Kh1 Be8 27. Rfc1
Ne3 28. Bd2 {vic-1952 resigns} 1-0

[Event "ICS rated blitz match"]
[Site "204.178.125.65"]
[Date "2000.12.10"]
[Round "?"]
[White "Hossa"]
[Black "vic-1952"]
[Result "1-0"]
[WhiteElo "2536"]
[BlackElo "1995"]
[PlyCount "23"]
[EventDate "2000.??.??"]

1. e4 c5 2. c3 d5 3. exd5 Qxd5 4. d4 e6 5. Nf3 Nf6 6. Bd3 cxd4 7. O-O Nc6 8.
cxd4 Be7 9. Nc3 Qh5 10. Bg5 O-O 11. Ne2 Nd5 12. Ng3 {vic-1952 resigns} 1-0

[Event "ICS rated blitz match"]
[Site "204.178.125.65"]
[Date "2000.12.10"]
[Round "?"]
[White "IgorIvanov"]
[Black "Hossa"]
[Result "1/2-1/2"]
[WhiteElo "2324"]
[BlackElo "2537"]
[PlyCount "290"]
[EventDate "2000.??.??"]

1. e4 c5 2. Nf3 Nc6 3. Nc3 e6 4. g3 d5 5. d3 dxe4 6. dxe4 Qxd1+ 7. Nxd1 Nf6 8.
Nd2 Bd7 9. c3 O-O-O 10. Ne3 Ne5 11. f4 Neg4 12. Nxg4 Nxg4 13. Nc4 Bc6 14. Bg2
f5 15. h3 Nh6 16. Ne5 Bxe4 17. Bxe4 fxe4 18. g4 Bd6 19. Nc4 Rhf8 20. Rf1 Ng8
21. Be3 b6 22. Rd1 Bc7 23. Rxd8+ Rxd8 24. Ke2 Nf6 25. Nd2 h5 26. g5 Nd5 27.
Nxe4 Rf8 28. c4 Nxf4+ 29. Bxf4 Rxf4 30. Rxf4 Bxf4 31. Kf3 Be5 32. b3 Kd7 33. a4
a5 34. Nd2 Ke7 35. Ke4 Kd6 36. Nf3 Bg3 37. h4 Bf2 38. Kf4 g6 39. Ke4 Bg3 40.
Ke3 e5 41. Kd3 Ke6 42. Ke4 Bf2 43. Nxe5 Bxh4 44. Nxg6 Bxg5 45. Nf8+ Kf7 46. Nd7
Bd8 47. Kf5 Bc7 48. Nf6 h4 49. Ne4 Bd8 50. Nf2 Ke8 51. Ke6 Bc7 52. Nh3 Kd8 53.
Ng5 Kc8 54. Nh3 Kb7 55. Ng5 Bd8 56. Nh3 Kc6 57. Nf2 Bg5 58. Nh3 Be3 59. Ke7 Kb7
60. Kd7 Bh6 61. Nf2 Bf4 62. Nh3 Bh2 63. Ng5 Kb8 64. Nh3 Bg3 65. Ng5 Bf4 66. Nh3
Bh2 67. Ng5 Bc7 68. Nh3 Kb7 69. Ng5 Bb8 70. Nh3 Bg3 71. Ng1 Bf2 72. Nh3 Bd4 73.
Ng5 Bf6 74. Nh3 Bg7 75. Ng5 Bh6 76. Nh3 Bf8 77. Nf4 Bg7 78. Nh3 Be5 79. Ke6 Bg3
80. Kd7 Be1 81. Nf4 Bd2 82. Nh3 Bc3 83. Ng5 Be1 84. Nh3 Ka7 85. Kc6 Bg3 86. Ng5
Bf4 87. Nh3 Bd2 88. Nf2 Ka6 89. Nh3 Bh6 90. Nf2 Bg7 91. Nh3 Be5 92. Ng5 Ka7 93.
Nh3 Bb8 94. Ng5 Bg3 95. Nh3 Bh2 96. Ng5 Ka6 97. Nh3 Bg3 98. Ng5 h3 99. Nxh3 Be5
100. Ng5 Bf4 101. Ne6 Be5 102. Nf8 Bf6 103. Kc7 Be5+ 104. Kc8 Ka7 105. Nd7 Bf4
106. Nf6 Ka6 107. Nd5 Be5 108. Ne7 Bg3 109. Nc6 Bf4 110. Nb8+ Ka7 111. Nd7 Bg3
112. Nf6 Ka6 113. Nd5 Be5 114. Ne7 Bg3 115. Nc6 Bf4 116. Ne7 Bg5 117. Nd5 Ka7
118. Nc3 Bf4 119. Nb5+ Ka6 120. Kd7 Be5 121. Kc6 Bf6 122. Nc7+ Ka7 123. Nd5 Bd8
124. Kd7 Bh4 125. Kc7 Bg3+ 126. Kc6 Bf2 127. Nxb6 Be1 128. Nd7 Bd2 129. Kb5 Bc3
130. Nxc5 Kb8 131. Ne6 Kc8 132. Nf4 Bd2 133. Nd5 Kd7 134. Nb6+ Ke6 135. c5 Bb4
136. Nc4 Kd7 137. Nxa5 Bc3 138. Kb6 Bd2 139. Nc4 Bb4 140. c6+ Kc8 141. a5 Be7
142. a6 Bd8+ 143. Kb5 Kb8 144. Nb6 Kc7 145. a7 Kd6 {
IgorIvanov ran out of time and Hossa has no material to mate} 1/2-1/2